The ethical dimension of community: (Record no. 9810)

MARC details
000 -LEADER
fixed length control field 00923nam a2200181Ia 4500
008 - FIXED-LENGTH DATA ELEMENTS--GENERAL INFORMATION
fixed length control field 081213s9999 xx 000 0 und d
020 ## - INTERNATIONAL STANDARD BOOK NUMBER
International Standard Book Number 9966213368
050 ## - LIBRARY OF CONGRESS CALL NUMBER
Classification number HN780
Item number .B85 1998
100 ## - MAIN ENTRY--PERSONAL NAME
Personal name Bujo, Benezet
245 ## - TITLE STATEMENT
Title The ethical dimension of community:
Remainder of title the African model and the dialogue between north & south/
Statement of responsibility, etc Benezet Bujo
260 ## - PUBLICATION, DISTRIBUTION, ETC. (IMPRINT)
Date of publication, distribution, etc 1998
300 ## - PHYSICAL DESCRIPTION
Extent 237 p. ;
Dimensions 21 cm.
650 ## - SUBJECT ADDED ENTRY--TOPICAL TERM
Topical term following geographic name as entry element African theology
General subdivision ethical issues
942 ## - ADDED ENTRY ELEMENTS (KOHA)
Item type Book
Source of classification or shelving scheme Library of Congress Classification
Holdings
Withdrawn status Lost status Source of classification or shelving scheme Damaged status Not for loan Collection code Home library Current library Shelving location Date acquired Total Checkouts Total Renewals Full call number Barcode Date last borrowed Price effective from Koha item type
    Library of Congress Classification     Non-fiction Bishop Okullu Memorial Library (Limuru Campus) Bishop Okullu Memorial Library (Limuru Campus) General Circulation 15/12/2008 3 1 HN78.B85 1998 000876 03/02/2015 15/12/2008 Book
    Library of Congress Classification     Non-fiction Bishop Okullu Memorial Library (Limuru Campus) Bishop Okullu Memorial Library (Limuru Campus) General Circulation 10/02/2009 4   HN780 .B85 1998 000877 18/02/2015 10/02/2009 Book